Detalles MARC
| 000 -LIDER |
| fixed length control field |
02391njm a2200373 c 4500 |
| 001 - NÚMERO DE CONTROL |
| Identificador de número de control |
|
| 003 - IDENTIFICACDOR DE NÚMERO DE CONTROL |
| control field |
DO-SdBNP |
| 005 - DATE AND TIME OF LATEST TRANSACTION |
| control field |
20240312092353.0 |
| 008 - ELEMENTOS DE LONGITUD FIJA |
| fixed length control field |
160127s 2008 mx d spa |
| 015 ## - NÚMERO DENTRO DE LA BIBLIOGRAFÍA NACIONAL |
| National bibliography number |
|
| 017 ## - NÚMERO DE REGISTRO DE DERECHOS DE AUTOR |
| Copyright or legal deposit number |
|
| Assigning agency |
|
| 020 ## - ISBN |
| International Standard Book Number |
9789681680039 |
| 035 ## - NÚMERO LOCAL |
| System control number |
|
| 040 ## - FUENTE DE CATALOGACIÓN |
| Agencia que crea de manera original el registro |
BPMSU |
| Idioma de catalogación |
spa |
| Agencia que realiza la transcripción |
BPMSU |
| Convenciones de la despripción |
|
| 082 ## - NÚMERO DE CLASIFICACIÓN DECIMAL DE DEWEY |
| Classification number |
928.21 |
| Item number |
L921B 2009 |
| Edition number |
22 |
| 084 ## - OTRO NÚMERO DE CLASIFICACIÓN |
| Classification number |
|
| Number source |
|
| 100 1# - ASIENTO PRINCIPAL -- NOMBRE PERSONAL |
| Nombre personal |
Bowker, Gordon. |
| Fechas asociadas con el nombre |
|
| Término de relación |
|
| 240 10 - TITULO UNIFORME |
| Título uniforme |
|
| Número de la parte o sección de una obra |
|
| Clave musical |
|
| 245 10 - MENCIÓN DE TITULO |
| Título |
Perseguido por los demonios : |
| Subtítulo |
vida de Malcolm Lowry / |
| Mención de responsabilidad |
Gordon Bowker ; traducción de María Aída Espinosa Meléndez. |
| 246 13 - VARIACION DEL TÍTULO |
| Título propiamente dicho o título corto |
Perseguido por los demonios |
| 260 ## - PUBLICACIÓN, DISTRIBUCIÓN, ETC. (PIE DE IMPRENTA) |
| Lugar de publicación, distribución, etc |
México : |
| Nombre del editor, distribuidor, etc. |
Fondo de Cultura Econonómica, |
| Fecha de publicación, distribución, etc |
2008 |
| 300 ## - DESCRIPCIÓN FÍSICA |
| Extensión |
712 p., [16] p. de láminas |
| Dimensiones |
23 cm. |
| Material complementario |
|
| Otros detalles físicos |
|
| 490 0# - MENCIÓN DE SERIES |
| Mención de serie |
Sección de obras de lengua y estudios literarios |
| 500 ## - NOTA GENERAL |
| Nota general |
Incluye bibliografías e índice. |
| 504 ## - NOTA DE BIBLIOGRAFÍA, ETC. |
| Bibliography, etc |
Bibliografía. p.: 187-188 |
| 505 0# - NOTA DE CONTENIDO |
| Texto normalizado de contenido |
|
| 520 ## - RESUMEN, ETC. |
| Nota de resumen, etc. |
México ejerció un atractivo singular, hecho de fascinación y terror, sobre varios escritores anglosajones notables del siglo XX. Pero sólo en Malcolm Lowry la mezcla de la vida y la obra alcanza abismos en verdad infernales, volcánicos, como hay tantos en la geografía mexicana. Los devotos lectores de Bajo el volcán (1947) -sin exageración, una de las cumbres literarias del siglo XX- supieron siempre que aquella novela magistral escondía claves personales que pedían una biografía definitiva que las revelara. Nadie mejor que Gordon Bowker para escribirla. Biógrafo de Orwell y Durrell y compilador editorial de Lowry, Bowker explora con detalle acucioso, a partir de fuentes y testimonios hasta ahora desconocidos, y con una sensibilidad a un tiempo cuidadosa y descarnada, el laberinto existencial de Lowry: el insensato suicidio al que orilló a un amigo de la juventud y la estela de culpa; el alcoholismo agresivo; sus dos matrimonios; la pérdida de sus manuscritos; el incendio de su casa; su tránsito por ciudades, prisiones, cantinas y sanatorios; su torturada relación con médicos, editores, familiares, doctores; su misteriosa muerte. |
| 534 ## - NOTA SOBRE LA VERSIÓN ORIGINAL |
| Frase introductoria |
Título original : |
| Mención del título original |
Persued by furies. A life of Malcolm Lowry |
| 590 ## - NOTA LOCAL |
| Texto de la nota local |
Inventariado, 2024/VM |
| 600 14 - ENCABEZAMIENTO DE MATERIA--NOMBRE PERSONAL |
| Nombre personal |
Lowry, Malcolm, |
| Fechas asociadas con el nombre |
1909-1957 |
| Subdivisión de forma |
Biografías |
| 700 1# - ASIENTO SECUNDARIO -- NOMBRE PERSONAL |
| Nombre personal |
Beethoven, Ludwig van |
| Fechas asociadas con el nombre |
1770-1827 |
| Título de una obra |
|
| Medio de ejecución para música |
|
| Número de la parte o sección de una obra |
|
| Clave musical |
|
| 910 ## - VALIDACIÓN |
| Validación |
VMateo V. Control de calidad. BPMSU |
| 942 ## - ADDED ENTRY ELEMENTS (KOHA) |
| Source of classification or shelving scheme |
Dewey Decimal Classification |
| Koha item type |
Libros |